[Event "Kostroma Volga Cup op"]
[Site "Kostroma"]
[Date "2009.07.??"]
[Round "4"]
[White "Anashkin, Oleg"]
[Black "Mikhailov, Alexey M"]
[Result "0-1"]
[WhiteElo "2160"]
[BlackElo "1924"]
[PlyCount "38"]
[EventDate "2009.07.03"]
[EventType "swiss"]
[EventRounds "9"]
[EventCountry "RUS"]
[SourceTitle "EXT 2021"]
[Source "ChessBase"]
[SourceDate "2020.10.23"]
[SourceVersion "1"]
[SourceVersionDate "2020.10.23"]
[SourceQuality "1"]

1. e4 c6 2. d4 d5 3. Nc3 dxe4 4. Nxe4 Bf5 5. Ng3 Bg6 6. h4 h6 7. Nf3 Nd7 8. h5 Bh7 9. Bd3 Bxd3 10. Qxd3 Qc7 11. Be3 Ngf6 12. 0-0-0 e6 13. c4 0-0-0 14. Kb1 c5 15. Qc3 cxd4 16. Nxd4 a6 17. f3 Qxg3 18. Ne2 Qe5 19. Rd4 Bc5 0-1